[Event "Titled Tuesday intern op 31st Oct Early"]
[Site "Chess.com INT"]
[Date "2023.10.31"]
[Round "5"]
[White "Teumer, Joerg"]
[Black "Bressy, Theo"]
[Result "0-1"]
[WhiteElo "2148"]
[BlackElo "2185"]
[PlyCount "92"]
[EventDate "2023.10.31"]
[EventType "swiss (blitz)"]
[EventRounds "11"]
[EventCountry "USA"]
[SourceTitle "EXT 2025"]
[Source "ChessBase"]
[SourceDate "2024.10.14"]
[SourceVersion "1"]
[SourceVersionDate "2024.10.14"]
[SourceQuality "1"]

1. f4 e6 2. Nf3 d5 3. e3 c5 4. b3 Nc6 5. Bb5 a6 6. Bxc6+ bxc6 7. Ne5 Qc7 8. Bb2 Bd6 9. 0-0 Nf6 10. d3 0-0 11. Nd2 Nd7 12. Ndf3 Nxe5 13. Nxe5 f6 14. Nf3 Bd7 15. g3 Rae8 16. e4 e5 17. f5 c4 18. Kg2 Rd8 19. Qe2 cxd3 20. cxd3 Qb6 21. Rac1 c5 22. Rfd1 Qb7 23. Ba3 Rc8 24. Rc2 Bb5 25. Rdc1 dxe4 26. Qxe4 Bc6 27. Qe3 Bb5 28. Bxc5 Bxc5 29. Rxc5 Rxc5 30. Qxc5 Bxd3 31. Qc6 Qxc6 32. Rxc6 Bb5 33. Rd6 Rc8 34. Rd2 Kf7 35. g4 Ke7 36. Kf2 g6 37. fxg6 hxg6 38. h4 Ke6 39. g5 f5 40. Ne1 e4 41. Ng2 Ke5 42. Ne3 f4 43. Rd5+ Ke6 44. Rd2 fxe3+ 45. Kxe3 Ke5 46. Rf2 Rc3+ 0-1